Ensimmäinen vai toinen maailmansota? - Statistics

Yleistilastot
  • Tätä visaa on pelattu 1 795 kertaa
  • Keskiarvotulos 13 / 18
Vastaustilastot
Kysymys Vastaus % Oikein
Sota syttyi salamurhasta 1. maailmansota
92%
Aiheutti suuremman kuolonuhrien määrän 2. maailmansota
91%
Mussolini oli Italian johtaja 2. maailmansota
86%
Saksa valtasi Pariisin 2. maailmansota
82%
Japani ja Saksa olivat liittolaisia 2. maailmansota
81%
Japani miehitti Filippiinit 2. maailmansota
79%
T. E. Lawrence taisteli sodassa 1. maailmansota
76%
Manfred von Richthofen oli tunnettu lentäjä 1. maailmansota
74%
Sinappikaasu oli yleisessä käytössä 1. maailmansota
72%
Juoksuhaudat olivat sotaa määrittelevä piirre 1. maailmansota
68%
Tankkeja käytettiin ensimmäistä kertaa 1. maailmansota
67%
Sota tunnetaan Venäjällä nimellä "suuri isänmaallinen sota" 2. maailmansota
67%
Lontoota pommitettiin ilmalaivoilla 1. maailmansota
64%
Liittoutuneet toimittivat Kiinalle tarvikkeita "Burman tietä" pitkin 2. maailmansota
63%
Yli miljoona ranskalaista sotilasta kuoli 1. maailmansota
56%
Sodan alussa Yhdysvaltain presidenttinä toiminut henkilö kuoli ennen sodan päättymistä 2. maailmansota
53%
Sodassa käytiin saksalaisten käynnistämä hyökkäys, jota kutsutaan Ardennien taisteluksi 2. maailmansota
52%
Saksa ehdotti Meksikolle Yhdysvaltoihin hyökkäämistä 1. maailmansota
39%
Ehtoja vastaavia visoja ei löytynyt
Tulosjakauma
Jokaisen tuloksen saaneiden osuus
Persentiili vastausten määrän mukaan
Tuloshistoriasi
Et ole pelannut tätä visaa